<?xml version="1.0" encoding="UTF-8"?>
<marc:record xmlns:marc="http://www.loc.gov/MARC21/slim">
   <marc:leader>00000nam a2200000 a 4500</marc:leader>
   <marc:datafield ind1="0" ind2="0" tag="245">
      <marc:subfield code="a">Das Händel-Handbuch</marc:subfield>
   </marc:datafield>
   <marc:datafield ind1="0" ind2="0" tag="245">
      <marc:subfield code="c">hrsg. von Hans Joachim Marx</marc:subfield>
   </marc:datafield>
   <marc:datafield ind1=" " ind2="1" tag="264">
      <marc:subfield code="a">Laaber</marc:subfield>
      <marc:subfield code="b">Laaber</marc:subfield>
   </marc:datafield>
   <marc:datafield ind1="1" ind2=" " tag="520">
      <marc:subfield code="a">Angaben aus der Verlagsmeldung

Das Händel-Handbuch in 6 Bänden - Händel und seine Zeitgenossen. Eine biographische Enzyklopädie / von Hans J Marx

Dieses außergewöhnliche Nachschlagewerk eröffnet mit über 600 Personenartikeln eine vollkommen neue Sicht auf Georg Friedrich Händel. Mit Einträgen zum gesamten persönlichen Umfeld Händels stellt die Publikation ein einzigartiges Kompendium dar, das genauso zum Nachschlagen wie zum Stöbern einlädt. Darüber hinaus bietet dieses Werk mit seinen mehr als 200, z.T. farbigen Abbildungen auch auf der optischen Ebene ein schillerndes und faszinierendes Bild der Epoche Händels.

Eine umfangreiche Einleitung über Händels Beziehungen zu seinen Zeitgenossen, Genealogien, ein Kalendarium der Londoner Aufführungen und ein Werkregister vervollständigen den enzyklopädischen Band.
</marc:subfield>
   </marc:datafield>
   <marc:datafield ind1=" " ind2=" " tag="020">
      <marc:subfield code="a">9783890076843</marc:subfield>
      <marc:subfield code="9">9783890076843</marc:subfield>
   </marc:datafield>
   <marc:datafield ind1=" " ind2=" " tag="041">
      <marc:subfield code="a">ger</marc:subfield>
   </marc:datafield>
   <marc:datafield ind1=" " ind2=" " tag="300">
      <marc:subfield code="a">583 S.</marc:subfield>
   </marc:datafield>
</marc:record>
